Prolog Programming for artificial intelligence

The prolog language: An overview of prolog,Syntax and meaning of prolog programs, Lists, operators, arithmetic, Using structures : Example programs, Controlling backtracking. Input and output, more built in procedures, Programming style and technique; Operations on data structures; Advanced tree rep...

全面介紹

Đã lưu trong:
書目詳細資料
主要作者: Ivan Bratko
格式: 圖書
語言:Undetermined
出版: England Addison-wesley 1990
主題:
標簽: 添加標簽
沒有標簽, 成為第一個標記此記錄!
Thư viện lưu trữ: Trung tâm Học liệu Trường Đại học Cần Thơ
LEADER 00927nam a2200205Ia 4500
001 CTU_23378
008 210402s9999 xx 000 0 und d
082 |a 006.30285 
082 |b B824 
100 |a Ivan Bratko 
245 0 |a Prolog 
245 0 |b Programming for artificial intelligence 
245 0 |c Ivan Bratko 
260 |a England 
260 |b Addison-wesley 
260 |c 1990 
520 |a The prolog language: An overview of prolog,Syntax and meaning of prolog programs, Lists, operators, arithmetic, Using structures : Example programs, Controlling backtracking. Input and output, more built in procedures, Programming style and technique; Operations on data structures; Advanced tree representations. Prolog in artificial intelligence... 
650 |a artificial intelligence - data processing,prolog ( computer language ) 
904 |i Quyên,980528 
980 |a Trung tâm Học liệu Trường Đại học Cần Thơ